01099nam a2200241 a 450000100100000000500170001000800410002704000250006808200200009310000430011324500800015626000380023630000210027459000260029565000270032165000310034870000490037991000370042895201330046595201180059895201240071699900170084000001315820250211105136.0091120s1998 dr 000 f spa d aDO-SdBNPbspacBNPHU aRD863.44bS839c1 aStern Díaz, Herbert S.d1958-91391313aLa cúpula /cHerbert Stern Díaz ; prólogo José Antonio Rodríguez. a[Santo Domingo] :bStella,c1998. a128 p. ;c22 cm. aInventariado, 2019/VM 0aNovela dominicana9223 0aLiteratura dominicana.96712aRodríguez, José Antonio,epról.930248 aValidado. Control de calidad MFF 001054708DSaGRbGRcHDd2009-11-20iLF1l0oRD863.44 S839cp13158-30r2020-06-25te. 3w2020-06-25yLFDSZPréstamo en sala 0010718PDaPDbPDcHDd2009-11-20iLF1l0oRD863.44 S839cp13158-10r2020-06-25w2020-06-25yLFPDZNo se presta 0010718PDaPDbPDcHDd2009-11-20iLF1l0oRD863.44 S839cp13158-20r2020-06-25te. 2w2020-06-25yLFPDZNo se presta c12797d12797